The meaning of the library : (Record no. 119113)

MARC details
000 -LEADER
campo de control de longitud fija 02576cam a2200373 i 4500
003 - IDENTIFICADOR DE NÚMERO DE CONTROL
campo de control BJBSDDR
005 - FECHA Y HORA DE LA ÚLTIMA TRANSACCIÓN
campo de control 20240724115736.0
007 - CAMPO FIJO DE DESCRIPCIÓN FÍSICA--INFORMACIÓN GENERAL
campo de control de longitud fija ta
008 - DATOS DE LONGITUD FIJA--INFORMACIÓN GENERAL
campo de control de longitud fija 140915s2015 nju 000 0 eng d
020 ## - NÚMERO INTERNACIONAL ESTÁNDAR DEL LIBRO
Número Internacional Estándar del Libro 9780691166391 (hbk. : acidfree paper)
020 ## - NÚMERO INTERNACIONAL ESTÁNDAR DEL LIBRO
Número Internacional Estándar del Libro 0691166390 (hbk. : acidfree paper)
035 ## - NÚMERO DE CONTROL DEL SISTEMA
Número de control de sistema (OCoLC)ocn894625451
040 ## - FUENTE DE CATALOGACIÓN
Centro catalogador/agencia de origen YDXCP
Lengua de catalogación eng
Centro/agencia transcriptor DLC
041 ## - CÓDIGO DE IDIOMA
Código de lengua del texto/banda sonora o título independiente eng
042 ## - CÓDIGO DE AUTENTICACIÓN
Código de autenticación lccopycat
050 14 - SIGNATURA TOPOGRÁFICA DE LA BIBLIOTECA DEL CONGRESO
Número de clasificación Z 721
Número de ítem M483 2015
082 00 - NÚMERO DE LA CLASIFICACIÓN DECIMAL DEWEY
Número de clasificación 027/.009
245 04 - MENCIÓN DEL TÍTULO
Título The meaning of the library :
Resto del título a cultural history /
Mención de responsabilidad, etc. edited by Alice Crawford.
260 ## - PUBLICACIÓN, DISTRIBUCIÓN, ETC.
Lugar de publicación, distribución, etc. Princeton, New Jersey :
Nombre del editor, distribuidor, etc. Princeton University Press,
Fecha de publicación, distribución, etc. 2015.
300 ## - DESCRIPCIÓN FÍSICA
Extensión xxix, 300 pages :
Otras características físicas illustrations ;
Dimensiones 25 cm.
336 ## - TIPO DE CONTENIDO
Término de tipo de contenido text
Código de tipo de contenido txt
Fuente rdacontent
336 ## - TIPO DE CONTENIDO
Término de tipo de contenido still image
Código de tipo de contenido sti
Fuente rdacontent
337 ## - TIPO DE MEDIO
Nombre/término del tipo de medio unmediated
Código del tipo de medio n
Fuente rdamedia
338 ## - TIPO DE SOPORTE
Nombre/término del tipo de soporte volume
Código del tipo de soporte nc
Fuente rdacarrier
504 ## - NOTA DE BIBLIOGRAFÍA, ETC.
Nota de bibliografía, etc. Includes bibliographical references (pages 267-280) and index.
505 0# - NOTA DE CONTENIDO CON FORMATO
Título Part 1 The Library through Time Chapter 1 Adventures in Ancient Greek and Roman Libraries, Edith Hall -- Chapter 2 The Image of the Medieval Library, Richard Gameson -- Chapter 3 The Renaissance Library and the Challenge of Print, Andrew Pettegree -- Chapter 4 From Printing Shop to Bookshelves: How Books Began the Journey to Enlightenment Libraries, Robert Darnton -- Chapter 5 "The Advantages of Literature": The Subscription Library in Georgian Britain, David Allan -- Chapter 6 Literature and the Library in the Nineteenth Century, John Sutherland -- Part 2 The Library in Imagination. Chapter 7 The Library in Fiction, Marina Warner -- Chapter 8 The Library in Poetry, Robert Crawford -- Chapter 9 The Library in Film: Order and Mystery, Laura Marcus -- Part 3 The Library Now and in the Future Chapter 10 "Casting and Gathering": Libraries, Archives, and the Modern Writer, Stephen Enniss -- Chapter 11 Meanings of the Library Today, John P. Wilkin -- Chapter 12 The Modern Library and Global Democracy, James H. Billington.
520 ## - RESUMEN, ETC.
Sumario, etc. "Tracing what the library has meant since its beginning, examining how its significance has shifted, and pondering its importance in the twenty-first century, significant contributors--including the librarian of the Congress and the former executive director of the HathiTrust--present a cultural history of the library"--Dust jacket flap.
650 #0 - PUNTO DE ACCESO ADICIONAL DE MATERIA--TÉRMINO DE MATERIA
Término de materia o nombre geográfico como elemento de entrada Libraries
Subdivisión general History.
650 #4 - PUNTO DE ACCESO ADICIONAL DE MATERIA--TÉRMINO DE MATERIA
Término de materia o nombre geográfico como elemento de entrada Bibliotecas
Subdivisión general Historia
9 (RLIN) 7429
650 #0 - PUNTO DE ACCESO ADICIONAL DE MATERIA--TÉRMINO DE MATERIA
Término de materia o nombre geográfico como elemento de entrada Libraries and society.
650 #4 - PUNTO DE ACCESO ADICIONAL DE MATERIA--TÉRMINO DE MATERIA
Término de materia o nombre geográfico como elemento de entrada Bibliotecas y sociedad
9 (RLIN) 29589
700 1# - ENTRADA AGREGADA--NOMBRE PERSONAL
Nombre de persona Crawford, Alice,
Fechas asociadas al nombre 1958-
Término indicativo de función/relación editor
9 (RLIN) 28943
942 ## - ELEMENTOS DE ENTRADA SECUNDARIOS (KOHA)
Fuente del sistema de clasificación o colocación Clasificación de Library of Congress
Tipo de ítem Koha Libro
Holdings
Estatus retirado Estado de pérdida Fuente del sistema de clasificación o colocación Estado de daño No para préstamo Colección Biblioteca de origen Biblioteca actual Ubicación en estantería Fecha de adquisición Signatura topográfica completa Código de barras Visto por última vez Copia número Tipo de ítem Koha
    Clasificación de Library of Congress     Humanidades Biblioteca Juan Bosch Biblioteca Juan Bosch Humanidades (4to. Piso) 20/04/2023 Z 721 M483 2015 00000163106 20/04/2023 1 Libro